000 00892nam a2200265 i 4500
999 _c162519
_d162519
003 OSt
005 20180728112430.0
007 ta
008 180612s2016 cc a|||j |||| 00| 0 chi d
020 _a9787531887041
_cRM 26.25
_qpaperback
040 _aPPAK
_beng
_cPPAK
_erda
082 _223
_a895.13
090 _a895.13
_bKEX
_dK
245 _aKe xue yin shi =
_bScientific diet /
_cCui Zhonglei
264 _aHarbin :
_b Heilongjiang Fine Arts Publishing House ;
_c2016
300 _a48 pages :
_bcolour illustrations ;
_c22 cm
336 _2rdacontent
_atext
337 _2rdamedia
_aunmediated
338 _2rdacarrier
_avolume
490 _aLittle stupid bear wisdom Little stupid bear story - Behavior 1000
650 _aChildren's stories, Chinese
700 _aZhonglei, Cui,
_eeditor
830 _aLittle stupid bear wisdom Little stupid bear story - Behavior 1000
942 _2ddc
_cB